<?xml version="1.0" encoding="UTF-8"?><?xml-stylesheet type="text/xsl" href="static/style.xsl"?><OAI-PMH xmlns="http://www.openarchives.org/OAI/2.0/" xmlns:xsi="http://www.w3.org/2001/XMLSchema-instance" xsi:schemaLocation="http://www.openarchives.org/OAI/2.0/ http://www.openarchives.org/OAI/2.0/OAI-PMH.xsd"><responseDate>2026-04-17T04:23:18Z</responseDate><request verb="GetRecord" identifier="oai:www.recercat.cat:2072/485086" metadataPrefix="marc">https://recercat.cat/oai/request</request><GetRecord><record><header><identifier>oai:recercat.cat:2072/485086</identifier><datestamp>2025-08-31T18:15:22Z</datestamp><setSpec>com_2072_98</setSpec><setSpec>col_2072_378192</setSpec></header><metadata><record xmlns="http://www.loc.gov/MARC21/slim" xmlns:dcterms="http://purl.org/dc/terms/" xmlns:xsi="http://www.w3.org/2001/XMLSchema-instance" xmlns:doc="http://www.lyncode.com/xoai" xsi:schemaLocation="http://www.loc.gov/MARC21/slim http://www.loc.gov/standards/marcxml/schema/MARC21slim.xsd">
   <leader>00925njm 22002777a 4500</leader>
   <datafield ind2=" " ind1=" " tag="042">
      <subfield code="a">dc</subfield>
   </datafield>
   <datafield ind2=" " ind1=" " tag="720">
      <subfield code="a">Becca, Federica</subfield>
      <subfield code="e">author</subfield>
   </datafield>
   <datafield ind2=" " ind1=" " tag="720">
      <subfield code="a">Esteve, Albert</subfield>
      <subfield code="e">author</subfield>
   </datafield>
   <datafield ind2=" " ind1=" " tag="720">
      <subfield code="a">Castro Torres, Andrés F</subfield>
      <subfield code="e">author</subfield>
   </datafield>
   <datafield ind2=" " ind1=" " tag="720">
      <subfield code="a">Centre d'Estudis Demogràfics</subfield>
      <subfield code="e">author</subfield>
   </datafield>
   <datafield ind2=" " ind1=" " tag="260">
      <subfield code="c">2025</subfield>
   </datafield>
   <datafield ind2=" " ind1=" " tag="520">
      <subfield code="a">Altres ajuts: acords transformatius de la UAB</subfield>
   </datafield>
   <datafield ind2=" " ind1=" " tag="520">
      <subfield code="a">Over the past six decades, significant demographic and familial changes, including rapid fertility decline, have occurred in Latin America and the Caribbean (LAC), impacting household structure and formation. We document trends in and changes to household size and composition in the region, leveraging 144 country-year samples from census and survey microdata across 27 LAC countries. We measure changes in average household size, household composition by member relationship to the household head, and the evolution of female headship. Our findings show a general reduction in household size that mirrors the trend in fertility decline, albeit with subregional variations. An analysis of changes in members' relationships over time reveals that children are the main drivers of household shrinkage. The analysis also unveils the enduring complexity of household composition, namely of extended family structures. Female-headed households, which are characterized by more complex household structures than their male-headed counterparts, significantly increased over time. This trend partly explains the persistence of extended households in LAC. In addition, we document a gradual convergence in the average number of children per household between male- and female-headed households. These results challenge theories positing a global convergence towards nuclear family structures. Overall, LAC's demographic and familial transformations underscore the interplay between shrinking household size and persistent household complexity.</subfield>
   </datafield>
   <datafield ind1="8" ind2=" " tag="024">
      <subfield code="a">http://hdl.handle.net/2072/485086</subfield>
   </datafield>
   <datafield ind2="0" ind1="0" tag="245">
      <subfield code="a">Changes in Latin American and Caribbean household structure amidst fertility decline : 1960-2020</subfield>
   </datafield>
</record></metadata></record></GetRecord></OAI-PMH>